| 000 | 004120000a22001690004500 | ||
|---|---|---|---|
| 003 | MACL | ||
| 005 | 20151230133458.0 | ||
| 008 | 151230b xxu||||| |||| 00| 0 eng d | ||
| 040 |
_aMACL _cMACL |
||
| 041 | _aEnglish | ||
| 082 | _a320/LAL | ||
| 100 |
_aLal, Sohan _924893 |
||
| 245 | _aRed Star Over India | ||
| 260 |
_bM Gulab Singh& Sons _c1956 |
||
| 650 |
_aPolitical Science _988 |
||
| 942 |
_cBK _k320/lal _2ddc |
||
| 999 |
_c35242 _d35242 |
||